• 首页
  • 本馆介绍
  • 公告通知
  • 最新文献
  • 馆藏检索
  • 电子资源
  • 读者导购
  • 参考咨询
  • 我的图书馆
  • 登录
  • 详细信息显示
  • 放入我的书架
  • 预约/预借图书
  • 作者相关作品
  • 分类相关作品
  • 丛书相关作品
  • 出版社相关作品

书目信息

  • 表格格式
  • 工作单格式
  • 卡片格式
题名:
四书五经名句赏析
    
 
作者: 张芳梅 编著
分册:  
出版信息: 长春   吉林摄影出版社  2003
页数: 220页
开本: 19cm
丛书名: 中国传统文化经典文库
单 册:
中图分类: Z126.1 , B222.15 , Z1
科图分类:
主题词: 四书--名句--鉴赏 , 五经--名句--鉴赏 , 丛书
电子资源:
ISBN: 7-80606-672-1
000 00956oam2 2200301 450
001 1534600911
005 20170928092033.57
010    @a7-80606-672-1@dCNY10.00
100    @a20031105d2003 em y0chiy50 ea
101 0  @achi
102    @aCN@b220000
105    @aa z 000yy
200 1  @a四书五经名句赏析@Asi shu wu jing ming ju shang xi@e珍藏版@f张芳梅编著
210    @a长春@c吉林摄影出版社@d2003
215    @a220页@c插图@d19cm
225 2  @a中国传统文化经典文库@e双色图文经典
308    @a丛书第四辑
330    @a该书含有《大学》名句、《中庸》名句、《论语》名句、《孟子》名句、《诗经》名句等九部分。书中每一词条分为原句、注释、译文、赏析四部分。
461  0 @12001 @a中国传统文化经典文库
606 0  @a四书@x名句@x鉴赏
606 0  @a五经@x名句@x鉴赏
606 0  @a丛书
690    @aZ126.1@v5
690    @aB222.15@v5
690    @aZ1@v4
701  0 @a张芳梅@Azhang fang mei@4编著
801  0 @aCN@bTSSF@c20150118
905    @aZUCC@dZ1@eJY86
    
    四书五经名句赏析:珍藏版/张芳梅编著.-长春:吉林摄影出版社,2003
    220页:插图;19cm.-(中国传统文化经典文库:双色图文经典)
    
    
    ISBN 7-80606-672-1:CNY10.00
    该书含有《大学》名句、《中庸》名句、《论语》名句、《孟子》名句、《诗经》名句等九部分。书中每一词条分为原句、注释、译文、赏析四部分。
●
相关链接 在E读中查询图书 在五车中查询图书 在当当中查询图书 在豆瓣中查询图书


正题名:四书五经名句赏析     索取号:Z1/JY86         预约/预借

序号 登录号 条形码 馆藏地/架位号 状态 备注
1 7852604   278526043   学院路分馆/ [索取号:Z1/JY86] 在馆    
唐山师范学院图书馆 欢迎您!
大连网信软件有限公司© 版权所有